[Event "WJun"]
[Site "Athens GRE"]
[Date "2001.08.28"]
[Round "12"]
[White "Miton,K"]
[Black "Mahesh Chandran,P"]
[Result "1-0"]
[WhiteElo "2516"]
[BlackElo "2339"]

1.d4 Nf6 2.c4 e6 3.Nc3 Bb4 4.f3 Bxc3+ 5.bxc3 d5 6.cxd5 exd5 7.e3 O-O 8.Bd3 c5
9.Ne2 b6 10.O-O Re8 11.Ng3 Ba6 12.Bxa6 Nxa6 13.Qd3 Nc7 14.e4 cxd4 15.cxd4 dxe4
16.fxe4 Ne6 17.Nf5 g6 18.Nh6+ Kg7 19.e5 Nd5 20.Rxf7+ Kh8 21.Bd2 Qh4 22.Rd7 Ndf4
23.Bxf4 Nxf4 24.Nf7+ Kg8 25.Qf3 Rf8 26.Rf1 Ne6 27.Qf6 Qxf6 28.Rxf6 Ng7 29.Nh6+ Kh8
30.Rxf8+ Rxf8 31.d5  1-0

[Event "EYCC B16"]
[Site "Halkidiki GRE"]
[Date "2001.08.31"]
[Round "1"]
[White "Grachev,B"]
[Black "Redpath,J"]
[Result "1-0"]
[WhiteElo "2407"]
[BlackElo "2131"]

1.d4 Nf6 2.c4 e6 3.Nc3 Bb4 4.f3 d5 5.a3 Bxc3+ 6.bxc3 c5 7.cxd5 Nxd5 8.Qd3 b6
9.e4 Nf6 10.Bg5 Ba6 11.Qd1 Bxf1 12.Kxf1 Nbd7 13.e5 h6 14.exf6 hxg5 15.fxg7 Rg8
16.Qa4 cxd4 17.cxd4 Rxg7 18.Ne2 a6 19.d5 exd5 20.Rd1 b5 21.Qd4 Qf6 22.Qxd5 Rd8
23.h4 Ne5 24.hxg5 Rxd5 25.Rh8+ Kd7 26.Rxd5+ Qd6 27.Rd8+ Kxd8 28.Rxd6+ Kc7
29.Rxa6 Rxg5 30.Rf6 Rg6 31.Rf5 Nc4 32.Rxb5 Nxa3 33.Rf5 Rg7 34.Ra5 Nb1 35.Rb5 Nd2+
36.Ke1  1-0

[Event "III Sants Hostafrancs Open"]
[Site "Barcelona ESP"]
[Date "2001.09.06"]
[Round "6"]
[White "Gonzalez Rodriguez,JA"]
[Black "Serrano Aspa,X"]
[Result "1-0"]
[WhiteElo "2428"]
[BlackElo "2110"]

1.d4 Nf6 2.c4 e6 3.Nc3 Bb4 4.f3 d5 5.cxd5 exd5 6.a3 Bxc3+ 7.bxc3 O-O 8.e3 c5
9.Bd3 b6 10.Ne2 Ba6 11.Bxa6 Nxa6 12.O-O Nc7 13.a4 Re8 14.Qd3 Qd7 15.Ng3 Ne6
16.Bd2 Rac8 17.a5 b5 18.a6 Rb8 19.Rfb1 Rb6 20.Ra5 Reb8 21.Nf5 cxd4 22.cxd4 b4
23.e4 Nd8 24.exd5 Nxd5 25.Rxd5  1-0

[Event "EYCC B18"]
[Site "Halkidiki GRE"]
[Date "2001.09.08"]
[Round "8"]
[White "Jianu,V"]
[Black "Gashimov,V"]
[Result "0-1"]
[WhiteElo "2402"]
[BlackElo "2406"]

1.d4 Nf6 2.c4 e6 3.Nc3 Bb4 4.f3 c5 5.d5 Nh5 6.Nh3 d6 7.Nf2 e5 8.Qc2 O-O 9.e4 Na6
10.a3 Ba5 11.g3 Nc7 12.Be2 g6 13.Bh6 Ng7 14.O-O Bd7 15.Ncd1 b5 16.Ne3 bxc4
17.a4 Nce8 18.f4 exf4 19.gxf4 f5 20.e5 dxe5 21.Bg5 Qb8 22.fxe5 c3 23.b3 Bc7
24.d6 Bd8 25.Bxd8 Qxd8 26.Bc4+ Kh8 27.Qxc3 f4 28.Ne4 Bc6 29.Bd5 Bxd5 30.Nxd5 Qh4
31.Qg3 Qh6 32.Rxf4 Nf5 33.Raf1 Nexd6 34.Qg5 Qxg5+ 35.Nxg5 Nf7 36.Nxf7+ Rxf7
37.Rc4 Re8 38.Re4 Rb7 39.Rc1 Rxb3 40.Rxc5 Rb1+ 41.Kg2 Rb2+ 42.Kh3 Ng7 43.Rc7 Ne6
44.Re1 Nxc7 45.Nxc7 Rc8 46.e6 Rxc7 47.e7 Rc3+ 48.Kg4 Rb4+ 49.Kg5 Kg7 50.e8=N+ Kf8
51.Nd6 Rc5+ 52.Kf6 Rf4+ 53.Ke6 Rc7 54.Rb1 Re7+ 55.Kd5 Rxa4  0-1

[Event "ch-Africa"]
[Site "Cairo EGY"]
[Date "2001.09.16"]
[Round "1"]
[White "Lungu,N"]
[Black "Rizouk,A"]
[Result "0-1"]
[WhiteElo "2250"]
[BlackElo "2442"]

1.d4 Nf6 2.c4 e6 3.Nc3 Bb4 4.f3 d5 5.a3 Bxc3+ 6.bxc3 c6 7.e3 O-O 8.Bd3 Nbd7
9.cxd5 cxd5 10.Ne2 e5 11.O-O e4 12.fxe4 dxe4 13.Bc2 Nb6 14.Ng3 Re8 15.Rb1 Nbd5
16.Bd2 Qc7 17.Bb3 Bg4 18.Qc2 Nb6 19.c4 Nbd7 20.Rf4 Nf8 21.Rbf1 h5 22.Nxe4 Nxe4
23.Rxe4 Red8 24.Ref4 f6 25.h3 Be6 26.Bb4 Rac8 27.Bxf8 Rxf8 28.c5 Qf7 29.Rb1 b6
30.Re4 Bxb3 31.Qxb3 bxc5 32.dxc5 Rxc5 33.Re7 Rc1+ 34.Kh2 Rxb1  0-1

[Event "Chigorin Mem Open"]
[Site "St Petersburg RUS"]
[Date "2001.10.27"]
[Round "2"]
[White "Smelov,A"]
[Black "Sambuev,B"]
[Result "0-1"]
[WhiteElo "2258"]
[BlackElo "2458"]

1.d4 e6 2.c4 Nf6 3.Nc3 Bb4 4.f3 c5 5.d5 Nh5 6.Nh3 f5 7.Bg5 Nf6 8.g3 O-O 9.Bg2 Bxc3+
10.bxc3 d6 11.f4 exd5 12.cxd5 h6 13.Bh4 Nbd7 14.O-O c4 15.Qd4 Qb6 16.Rfd1 Re8
17.Bf3 Ne4 18.Bh5 Rf8 19.Be7 Rf7 20.Qxb6 axb6 21.Bxf7+ Kxf7 22.Bd8 Ke8 23.Bc7 Nxc3
24.Rd2 Nb5 25.Rc1 Ra4 26.Rdc2 Nxc7 27.Rxc4 Rxc4 28.Rxc4 Kd8 29.Rd4 Nf6 30.Nf2 Ncxd5
31.g4 fxg4 32.f5 Bxf5 33.e4 Nc3 34.Rxd6+ Kc7 35.Rxf6 gxf6 36.exf5 h5 37.Kg2 Kd6
38.Kg3 Ne2+ 39.Kh4 Nf4 40.Ne4+ Ke5 41.Ng3 b5 42.a3 b6 43.Nf1 Kxf5 44.Ne3+ Ke4
45.Nc2 f5 46.Kg5 Ne2 47.Kxh5 Nd4 48.Nb4 Nf3 49.Nc6 Nxh2 50.Kh4 Kf4 51.Nb4 Nf3+
52.Kh5 g3 53.Nd5+ Ke4 54.Nf6+ Ke5  0-1

[Event "Chigorin Mem Open"]
[Site "St Petersburg RUS"]
[Date "2001.10.27"]
[Round "2"]
[White "Utnasunov,A"]
[Black "Basyrov,E"]
[Result "0-1"]
[WhiteElo "2293"]
[BlackElo "2029"]

1.d4 Nf6 2.c4 e6 3.Nc3 Bb4 4.f3 d5 5.a3 Bxc3+ 6.bxc3 h6 7.cxd5 exd5 8.e3 Bf5
9.Ne2 O-O 10.Ng3 Bg6 11.Bd3 Bxd3 12.Qxd3 Re8 13.O-O c5 14.e4 cxd4 15.cxd4 Nc6
16.e5 Nh7 17.f4 f6 18.Nh5 Qe7 19.Bb2 Qf7 20.Ng3 Na5 21.Nf5 Nc4 22.Bc3 Nf8
23.Rf3 Ne6 24.Rg3 Kh8 25.Qf3 Rad8 26.Rf1 Rd7 27.Nh4 fxe5 28.Ng6+ Kg8 29.dxe5 d4
30.f5 dxc3 31.fxe6 Qxe6 32.Qf8+ Kh7 33.Qf4 Nd2 34.Re1 Rf7 35.Qa4 Qb6+ 36.Kh1 Qf2
37.Qd1 c2  0-1

[Event "Chigorin Mem Open"]
[Site "St Petersburg RUS"]
[Date "2001.10.28"]
[Round "3"]
[White "Stepanov,E"]
[Black "Sidorov,A"]
[Result "1/2-1/2"]
[WhiteElo "2286"]
[BlackElo "2376"]

1.d4 Nf6 2.c4 e6 3.Nc3 Bb4 4.f3 Nc6 5.e4 Bxc3+ 6.bxc3 d6 7.Bg5 h6 8.Bh4 b6
9.Bd3 e5 10.Ne2 Na5 11.O-O g5 12.Bg3 Qe7 13.c5 Bd7 14.cxd6 cxd6 15.Ba6 O-O
16.Qd3 Nh5 17.Be1 Bc8 18.Bb5 Qc7 19.Rd1 a6 20.Ba4 Nc4 21.Rb1 b5 22.Bb3 Be6
23.Bf2 Rac8 24.g3 f5 25.Rbd1 Qf7 26.dxe5 dxe5 27.exf5 Bxf5 28.Qd5 Be6 29.Bxc4 Rxc4
30.Qxe5 Bh3 31.Bd4 Kh7 32.Qe4+ Bf5 33.Qe3 Re8 34.Qd2 Ra4 35.Ra1 Be6 36.Nc1 Bc4
37.Rf2 Ng7 38.Nd3 Bxd3 39.Qxd3+ Qf5 40.Qd2 Ne6 41.Re1 Rd8 42.Qe3 Re8 43.f4 gxf4
44.Qe4 Qxe4 45.Rxe4 f3 46.Rd2 Rc4 47.Kf2 b4 48.cxb4 Rxb4 49.h4 Ra4 50.Kxf3 Nxd4+
51.Rexd4 Rf8+ 52.Kg2 Ra5 53.Rd7+ Kg6 54.g4 Rf6 55.Kg3 Ra3+ 56.R2d3 Rxd3+
57.Rxd3 Rc6 58.Kf3 h5 59.g5 Rc4 60.Rd6+ Kg7 61.Kg3 Rg4+ 62.Kh3 Ra4 63.Rh6 Ra3+
64.Kg2 Rxa2+ 65.Kf3 Ra3+ 66.Kf4 Ra4+ 67.Kf5 Rxh4 68.Rxa6 Rb4 69.Ra7+ Kf8
70.Ra8+ Kg7 71.Ra7+ Kg8 72.Kg6 Rb6+ 73.Kxh5 Rc6  1/2-1/2

[Event "EuTCh"]
[Site "Leon ESP"]
[Date "2001.11.13"]
[Round "7"]
[White "Ivanchuk,V"]
[Black "Sturua,Z"]
[Result "1/2-1/2"]
[WhiteElo "2731"]
[BlackElo "2571"]

1.d4 Nf6 2.c4 e6 3.Nc3 Bb4 4.f3 d5 5.a3 Bxc3+ 6.bxc3 c5 7.cxd5 Nxd5 8.dxc5 f5
9.e4 fxe4 10.Qc2 e3 11.Bd3 Nd7 12.g3 Qf6 13.Ne2 Qxf3 14.Rf1 Qh5 15.Nf4 Nxf4
16.Rxf4 Nxc5 17.Bxe3 Nxd3+ 18.Qxd3 Bd7 19.Rd1 Bb5 20.c4 Ba4 21.Rd2 Rf8 22.Qe4 Rxf4
23.Bxf4 Qc5 24.Qxb7 Rd8 25.Rxd8+ Kxd8  1/2-1/2

[Event "TCh-FIN 2001-02"]
[Site "FIN"]
[Date "2001.11.18"]
[Round "5"]
[White "Lehtioksa,J"]
[Black "Tolonen,L"]
[Result "1/2-1/2"]
[WhiteElo "2173"]
[BlackElo "2332"]

1.d4 Nf6 2.c4 e6 3.Nc3 Bb4 4.f3 c5 5.d5 O-O 6.e4 exd5 7.cxd5 Re8 8.Nh3 d6
9.Nf2 a6 10.Be2 Nbd7 11.O-O b5 12.a4 Rb8 13.axb5 Bxc3 14.bxc3 axb5 15.Bf4 Ne5
16.g4 Bd7 17.Bg3 h6 18.f4 Ng6 19.Bf3 Qb6 20.h4 c4 21.Kh2 b4 22.g5 hxg5 23.hxg5 Nh7
24.cxb4 c3 25.Qc1 Qxb4 26.Qe3 Qc4 27.Be2 Qxd5 28.Qxc3 Qc6 29.Qd4 Nhf8 30.Rfc1 Qb6
31.Qxb6 Rxb6 32.Rab1 Rxb1 33.Rxb1 Rc8 34.Rb2 Ba4 35.Rd2 Rc6 36.Ng4 Nd7 37.Bf3 Rc2
38.Rxc2 Bxc2 39.Kg2 Nc5 40.f5 Ne5 41.Nxe5 dxe5 42.Bxe5 Bxe4 43.Bd4 Nb3 44.Bxe4 Nxd4
45.Kf2 Kf8 46.Ke3 Nb5 47.f6  1/2-1/2

[Event "ch-Balkan"]
[Site "Istanbul TUR"]
[Date "2001.11.19"]
[Round "1"]
[White "Erdogan,H"]
[Black "Mastrovasilis,A"]
[Result "1/2-1/2"]
[WhiteElo "2292"]
[BlackElo "2442"]

1.d4 Nf6 2.c4 e6 3.Nc3 Bb4 4.f3 d5 5.a3 Bxc3+ 6.bxc3 c5 7.cxd5 exd5 8.e3 Nc6
9.Bd3 O-O 10.Ne2 Re8 11.O-O a6 12.g4 b5 13.Ra2 Na5 14.Ng3 cxd4 15.cxd4 Nc4
16.Re1 Ra7 17.g5 Nd7 18.Rg2 Nf8 19.Nh5 Ng6 20.Qc2 Rae7 21.Qf2 Nd6 22.Bd2 Bf5
23.Bxf5 Nxf5 24.Rg4 Re6 25.Ng3 Nxg3 26.Qxg3 Qc8 27.e4 Qc4 28.Qf2 Qd3 29.Qe3 Qxe3+
30.Rxe3 Rd8 31.Ba5 Rc8 32.Rc3 Rxc3 33.Bxc3 Rd6 34.Kf2 Nf8 35.Ke3 Ne6 36.Rg2 Rd7
37.h4 Kf8 38.Rc2 Ke8 39.Bb2 Rc7 40.Rd2 Rc4 41.exd5 Nc7 42.d6 Nd5+ 43.Ke4 Nb6
44.Kd3 Kd7 45.Re2 Nd5 46.Re5 Kxd6 47.Re8 g6 48.Ra8 Rc6 49.Rf8 Ke7 50.Rh8 Nb6
51.Bc3 Nd5 52.Bd2 Rc4 53.Rxh7 Ra4 54.Bc1 Rc4 55.Bb2 Nb6 56.Bc3 Nd5 57.Bd2 Ra4
58.Ke4 Ke6 59.h5 f5+ 60.Kd3 Rxa3+ 61.Ke2 gxh5 62.Rxh5 Ra2 63.Rh6+ Ke7 64.Rc6 Kd7
65.Rc5 Ke6 66.Rc8 Nf4+ 67.Kd1 Ra1+ 68.Kc2 Ra2+ 69.Kd1 Ra1+ 70.Kc2 Ra2+ 71.Kd1 Ra1+
72.Kc2 Ra2+ 73.Kd1 Ra1+ 74.Bc1 Nd5 75.Rc6+ Kf7 76.Rd6 Ne3+ 77.Ke2 Nc4 78.Rf6+ Kg7
79.Bf4 Ra2+ 80.Kd3 Ra3+ 81.Ke2 Ra2+ 82.Kd3 Ra3+ 83.Ke2  1/2-1/2

[Event "4NCL"]
[Site "Birmingham ENG"]
[Date "2001.11.24"]
[Round "3"]
[White "Summerscale,A"]
[Black "Palliser,R"]
[Result "1-0"]
[WhiteElo "2520"]
[BlackElo "2337"]

1.d4 Nf6 2.c4 e6 3.Nc3 Bb4 4.f3 c5 5.d5 b5 6.e4 bxc4 7.Bxc4 Nxd5 8.Bxd5 exd5
9.Qxd5 Nc6 10.Ne2 Ba6 11.Kf2 O-O 12.Rd1 Qe7 13.Bg5 Qe6 14.Qxd7 Ne5 15.Qxe6 fxe6
16.Rd6 Bc8 17.Rd2 c4 18.Kf1 Bc5 19.Na4 Bb4 20.Rd4 Bd7 21.a3 Bxa4 22.axb4 Bb5
23.Bd2 a6 24.Bc3 Nd3 25.Rd6 e5 26.Kg1 Rad8 27.Rxd8 Rxd8 28.Ng3 Kf7 29.Nf5 Rd7
30.Ne3 Ke6 31.Nd5 Rf7 32.Ne3 Rd7 33.g3 Rf7 34.Kg2 g6 35.Nd5 Kd6 36.Rf1 Bc6
37.Ne3 Bb5 38.Rd1 Ke6 39.Nd5 Bc6 40.Ne3 Bb5 41.Ra1 Kd6 42.Nc2 Ke6 43.Na3 Rd7
44.Nxb5 axb5 45.Kf1 h5 46.h4 Rd6 47.Ke2 Kf6 48.f4 Ke6 49.Ke3  1-0

[Event "ch-ROM"]
[Site "Targoviste ROM"]
[Date "2001.11.27"]
[Round "4"]
[White "Jianu,V"]
[Black "Ionescu,Co"]
[Result "0-1"]
[WhiteElo "2397"]
[BlackElo "2481"]

1.d4 Nf6 2.c4 e6 3.Nc3 Bb4 4.f3 c5 5.d5 d6 6.e4 O-O 7.Bd3 exd5 8.cxd5 a6
9.Ne2 Nbd7 10.O-O Ne5 11.Bc2 b5 12.Kh1 h6 13.Ng3 Re8 14.h3 Bd7 15.f4 Ng6
16.Qf3 Rc8 17.Bd2 Ba5 18.a4 c4 19.Be3 Bb6 20.axb5 axb5 21.Rad1 Bxe3 22.Qxe3 b4
23.Nce2 Rc5 24.Qf3 Qc8 25.Nh5 Nxh5 26.Qxh5 c3 27.e5 cxb2 28.Bb1 Bb5 29.e6 Rxe6
30.Nd4 Bxf1 31.Nxe6 Rc1 32.Bxg6 fxg6 33.Qxg6 Qd7  0-1

[Event "FSIMA December"]
[Site "Budapest HUN"]
[Date "2001.12.12"]
[Round "12"]
[White "Mensch,E"]
[Black "Berczes,C"]
[Result "0-1"]
[WhiteElo "2299"]
[BlackElo "2216"]

1.d4 Nf6 2.c4 e6 3.Nc3 Bb4 4.f3 c5 5.d5 Bxc3+ 6.bxc3 d6 7.e4 e5 8.Bd3 Nbd7
9.Nh3 Nf8 10.Nf2 Ng6 11.g3 Bd7 12.a4 a5 13.Rb1 b6 14.h4 h5 15.Bg5 Rb8 16.f4 Qe7
17.Rb2 Kd8 18.Be2 exf4 19.gxf4 Qe8 20.Bxh5 Bxa4 21.Qe2 Ne7 22.Bf3 Nh7 23.Bxe7+ Qxe7
24.e5 Re8 25.Nd3 Nf8 26.Kd2 Kc7 27.h5 Nd7 28.Re1 b5 29.exd6+ Qxd6 30.Qxe8 Rxe8
31.Rxe8 Nb6 32.Ne5 b4 33.Bg4 Bxe8  0-1

[Event "13th Masters"]
[Site "Clichy FRA"]
[Date "2001.12.19"]
[Round "5"]
[White "Kirszenberg,M"]
[Black "Inkiov,V"]
[Result "0-1"]
[WhiteElo "2214"]
[BlackElo "2500"]

1.d4 Nf6 2.c4 e6 3.Nc3 Bb4 4.f3 c5 5.d5 d6 6.e4 Bxc3+ 7.bxc3 e5 8.Bd3 Nbd7
9.Ne2 h6 10.O-O g5 11.Bc2 Nf8 12.Ba4+ Ke7 13.Qe1 Ng6 14.Rb1 Qa5 15.Qd1 Kd8
16.Qb3 Qc7 17.Ng3 Rb8 18.Rf2 Rg8 19.Be3 Nf4 20.h3 h5 21.Qc2 h4 22.Nh1 N6h5
23.Rd2 f5 24.exf5 Qh7 25.Qd1 Bxf5 26.Bc2 e4 27.fxe4 Bxe4 28.Nf2 Bxc2 29.Qxc2 Qxc2
30.Rxc2 Re8 31.Re1 Kc7 32.Ng4 Re4 33.Nf2 Re7 34.Kh2 Rbe8 35.Ng4 Nd3 36.Rf1 Ng3
37.Rf6 Rxe3 38.Nxe3 Rxe3 39.Rf7+ Kb6 40.a4 Re1  0-1

[Event "39th BPCL ch-IND"]
[Site "Nagpur IND"]
[Date "2002.02.01"]
[Round "16"]
[White "Harikrishna,P"]
[Black "Gokhale,C"]
[Result "1-0"]
[WhiteElo "2525"]
[BlackElo "2407"]

1.d4 Nf6 2.c4 e6 3.Nc3 Bb4 4.f3 O-O 5.a3 Bxc3+ 6.bxc3 d6 7.e4 b6 8.Bd3 c5
9.Ne2 Nc6 10.O-O h6 11.f4 Ba6 12.e5 Ne8 13.f5 exf5 14.Ng3 cxd4 15.Nxf5 Nxe5
16.cxd4 Nxd3 17.Qxd3 d5 18.Bxh6 f6 19.Rae1 Rf7 20.Qg3 Qc7 21.Bf4 Qxc4 22.Nh6+ Kf8
23.Bd6+  1-0

[Event "TCh-ISR"]
[Site "ISR"]
[Date "2002.02.02"]
[Round "4"]
[White "Tyomkin,D"]
[Black "Soffer,R"]
[Result "1/2-1/2"]
[WhiteElo "2501"]
[BlackElo "2487"]

1.d4 Nf6 2.c4 e6 3.Nc3 Bb4 4.f3 d5 5.a3 Bxc3+ 6.bxc3 c5 7.cxd5 Nxd5 8.dxc5 Qa5
9.e4 Ne7 10.Be3 O-O 11.Qb3 Qc7 12.a4 Nec6 13.f4 Na5 14.Qa3 b6 15.Nf3 Ba6
16.cxb6 axb6 17.Qb4 Bxf1 18.Rxf1 Na6 19.Bxb6 Nxb4 20.Bxc7 Nc2+ 21.Ke2 Nxa1
22.Rxa1 Nc4 23.Nd2 Rfc8 24.Nxc4 Rxc7 25.Nb6 Ra6 26.a5 Rc6 27.Nd7 Ra7 28.Ne5 Rxc3
29.Ra4 Rc2+ 30.Kd3 Rxg2 31.a6 Rxh2 32.Nc6 Ra8 33.Rb4 g5 34.a7 Kg7 35.Rb8 Rxa7
36.Nxa7 gxf4 37.e5 f3 38.Nc6 Ra2 39.Nd4 f2 40.Rb1 Kg6 41.Rf1 h5 42.Ne2 Ra5
43.Ke4 Ra4+ 44.Ke3 Ra5 45.Nf4+ Kf5 46.Nd3 Ra2 47.Nxf2 Kxe5 48.Nd3+ Kd6 49.Rxf7 Rh2
50.Nf4 e5 51.Rf6+ Kd7 52.Ng6 h4 53.Nxe5+ Ke7 54.Rh6 h3 55.Nf3 Rh1 56.Kf2 Kd7
57.Kg3 Ke7 58.Nh2 Re1 59.Rxh3 Kd6 60.Nf3 Re8 61.Kf4 Kd5 62.Rh5+ Kd6 63.Nd2 Rf8+
64.Ke4 Re8+ 65.Kd4 Ke6 66.Nf3 Ra8 67.Ke4 Ra4+ 68.Nd4+ Kf6 69.Rf5+ Kg6 70.Rf1 Kg5
71.Rf8 Kg6 72.Ke5 Ra5+ 73.Kf4 Ra4 74.Rd8 Kf6 75.Rd7 Rc4 76.Ke4 Ra4 77.Rd6+ Kg5
78.Rc6 Rb4 79.Ke5 Ra4 80.Rc5 Kg4 81.Nf5 Ra8 82.Nd6 Kf3 83.Rc3+  1/2-1/2

[Event "P&V Masters"]
[Site "Cannes FRA"]
[Date "2002.02.05"]
[Round "2"]
[White "Gozzoli,Y"]
[Black "Dunis,A"]
[Result "0-1"]
[WhiteElo "2337"]
[BlackElo "2395"]

1.d4 Nf6 2.c4 e6 3.Nc3 Bb4 4.f3 c5 5.d5 b5 6.e4 bxc4 7.Bxc4 Bb7 8.Ne2 Nxd5
9.Bxd5 exd5 10.exd5 d6 11.O-O O-O 12.Ng3 Bxc3 13.bxc3 Nd7 14.Ne4 Nb6 15.Rb1 Qc7
16.Bf4 Rad8 17.Qd2 Ba6 18.Rfd1 Bc4 19.Qf2 Nxd5 20.Qg3 Nxf4 21.Qxf4 Bxa2 22.Rb2 Be6
23.Rbd2 a5 24.Ng3 c4 25.h4 Qc5+ 26.Kh2 d5 27.Ra1 Ra8 28.Qe5 Rfe8 29.Nh5 Qf8
30.Nf4 Qe7 31.g3 a4 32.Nxd5 Bxd5 33.Qxe7 Rxe7 34.Rxd5 g6 35.Rd4 Re2+ 36.Kh3 a3
37.Rxc4 a2 38.g4 Kf8 39.Kg3 Rb2 40.Rb4 Rxb4 41.cxb4 Ke7 42.Kf4 f6 43.Ke4 Kd6
44.h5 Kc6 45.hxg6 hxg6 46.g5 fxg5 47.Kd4 Kb5 48.Kc3 Ra3+ 49.Kb2 Kxb4  0-1

[Event "10th Open"]
[Site "Valle d'Aosta ITA"]
[Date "2002.02.13"]
[Round "5"]
[White "Tyomkin,D"]
[Black "Contin,D"]
[Result "1-0"]
[WhiteElo "2501"]
[BlackElo "2358"]

1.d4 e6 2.c4 Nf6 3.Nc3 Bb4 4.f3 d5 5.a3 Be7 6.e4 dxe4 7.fxe4 e5 8.d5 a5 9.Nf3 Bg4
10.Be3 Na6 11.Qa4+ Bd7 12.Qc2 Ng4 13.Bg1 Bc5 14.Bxc5 Nxc5 15.h3 Nf6 16.Nxe5 Qe7
17.Nxd7 Kxd7 18.Bd3 Nxd3+ 19.Qxd3 Nxe4 20.Qxe4 Qxe4+ 21.Nxe4 Rae8 22.O-O Rxe4
23.Rxf7+ Re7 24.Rxe7+ Kxe7 25.Re1+ Kd7 26.Rf1 Ke7 27.Kf2 c6 28.dxc6 bxc6
29.Ke3 Rb8 30.Rf2 c5 31.Rd2 a4 32.Ke4 Ke6 33.h4 Rb3 34.Kf4 Rb7 35.g4 h6 36.g5 hxg5+
37.Kxg5 Rb3 38.Re2+ Kf7 39.Kf5 Rh3 40.Ke5 Rxh4 41.Kd5 Rh5+ 42.Kc6 g5 43.Kxc5 g4+
44.Kb4 g3 45.Rg2 Rh2 46.Rxg3 Rxb2+ 47.Kxa4 Ke7 48.Rd3 Rb1 49.c5 Rb2 50.Ka5 Rb1
51.c6 Rb2 52.Ka6 Rb1 53.c7  1-0

[Event "TCh-FIN 2001-02"]
[Site "FIN"]
[Date "2002.02.16"]
[Round "7"]
[White "Salmela,H"]
[Black "Maki Uuro,Mi"]
[Result "0-1"]
[WhiteElo "2055"]
[BlackElo "2325"]

1.d4 Nf6 2.c4 e6 3.Nc3 Bb4 4.f3 d5 5.a3 Bxc3+ 6.bxc3 c5 7.cxd5 Nxd5 8.e4 Nxc3
9.Qb3 cxd4 10.Bd2 Nc6 11.Bxc3 dxc3 12.Qxc3 O-O 13.Rd1 Qb6 14.e5 Rd8 15.Rxd8+ Qxd8
16.f4 Qd5 17.Nf3 Qe4+ 18.Be2 Qxf4 19.O-O Bd7 20.Rb1 b6 21.Rd1 Be8 22.Bb5 Ne7
23.Rd4 Nd5 24.Qe1 Qe3+ 25.Qxe3 Nxe3 26.Bxe8 Rxe8 27.Rd7 a5 28.Ng5 h6 29.Nxf7 Rf8
30.Rd3 Rxf7 31.Rxe3 b5 32.Rb3 Rb7 33.Kf2 b4 34.Ke3 a4 35.Rd3 b3 36.Rd1 Kh7
37.Rb1 Kg6 38.Kd3 Rc7 39.Rf1 Rc2 40.Rf4 Rc1 41.Rb4 Ra1 42.Kc3 Rxa3 43.g3 b2+  0-1

[Event "Petrov Mem Open"]
[Site "St Petersburg RUS"]
[Date "2002.02.18"]
[Round "7"]
[White "Bogachkov,I"]
[Black "Shushpanov,R"]
[Result "0-1"]
[WhiteElo "2348"]
[BlackElo "2460"]

1.d4 Nf6 2.c4 e6 3.Nc3 Bb4 4.f3 O-O 5.a3 Bxc3+ 6.bxc3 c5 7.e4 Qa5 8.Bd2 Nc6
9.d5 Ne5 10.f4 Ng6 11.Qc2 exd5 12.f5 Ne5 13.cxd5 c4 14.Nf3 Re8 15.Be2 Nd3+
16.Bxd3 cxd3 17.Qxd3 Rxe4+ 18.Kf2 d6 19.Rhe1 Bxf5 20.Rxe4 Nxe4+ 21.Kg1 Qc5+
22.Be3 Qxc3 23.Qxc3 Nxc3 24.Nd4 Bd7 25.Bf4 Nxd5 26.Bxd6 Rc8 27.Rb1 b6 28.h3 f6
29.Kf2 Rc4 30.Rd1 Nc3 31.Rd3 Ne4+ 32.Ke1 Rc1+ 33.Ke2 Nxd6 34.Nb3 Rc6 35.Nd4 Rc7  0-1

[Event "FSIMA March"]
[Site "Budapest HUN"]
[Date "2002.03.08"]
[Round "7"]
[White "Mensch,E"]
[Black "Szabo,K"]
[Result "1-0"]
[WhiteElo "2380"]
[BlackElo "2231"]

1.d4 Nf6 2.c4 e6 3.Nc3 Bb4 4.f3 O-O 5.e4 d5 6.e5 Nfd7 7.cxd5 exd5 8.a3 Bxc3+
9.bxc3 f6 10.exf6 Nxf6 11.Bd3 Nh5 12.Qc2 Re8+ 13.Ne2 Qh4+ 14.Kf1 h6 15.Bd2 Rf8
16.Kg1 Be6 17.Re1 Nd7 18.Ng3 Nxg3 19.hxg3 Qf6 20.Qc1 Bf5 21.Bxf5 Qxf5 22.g4 Qf6
23.Qb1 Qb6 24.Qd3 Qa6 25.Qc2 Rae8 26.g5 Rxe1+ 27.Bxe1 hxg5 28.Bg3 Qf6 29.Kf2 c6
30.Qh7+ Kf7 31.Re1 Rd8 32.Bc7 Rf8 33.Qh3 Nb6 34.Qh5+ Kg8 35.Be5 Qh6 36.Rh1 Qxh5
37.Rxh5 g4 38.f4 Nc4 39.Kg3 Ne3 40.Rg5 Rf7 41.Kf2 Nd1+ 42.Kg3 Nxc3 43.Kxg4 Ne4
44.Rg6 Nf6+ 45.Kf3 b5 46.g4 a5 47.g5 Kh7 48.f5 Ne4 49.Kf4 c5 50.Rc6 Rf8 51.dxc5 Nd2
52.g6+ Kh6 53.Kg4  1-0

[Event "72nd ch-ARG"]
[Site "Pinamar ARG"]
[Date "2002.03.13"]
[Round "4"]
[White "Garcia Palermo,C"]
[Black "Slipak,S"]
[Result "1-0"]
[WhiteElo "2467"]
[BlackElo "2498"]

1.d4 Nf6 2.c4 e6 3.Nc3 Bb4 4.f3 c5 5.d5 d6 6.e4 Qe7 7.Ne2 b5 8.a3 Ba5 9.b4 cxb4
10.Nxb5 bxa3+ 11.Bd2 Bxd2+ 12.Qxd2 a6 13.Rxa3 Bb7 14.Nbd4 Nbd7 15.Ng3 g6
16.Be2 e5 17.Ndf5 gxf5 18.Nxf5 Qf8 19.O-O Bc8 20.f4 Nxe4 21.Qa5 Ndf6 22.fxe5 dxe5
23.d6 Bxf5 24.Rxf5 Qxd6 25.Rxe5+ Kf8 26.Rd3 Qb8 27.Qa3+ Kg7 28.Rg3+ Nxg3
29.Qxg3+ Kf8 30.Qa3+ Kg7 31.Rg5+ Kh6 32.Qc1 Qb6+ 33.c5 Qb1 34.Rh5+ Kg7 35.Qxb1 Nxh5
36.Bxh5 Rac8 37.Qf5 f6 38.g4 Rhg8 39.Qd7+ Kh8 40.Qd6 Rgf8 41.g5 fxg5 42.Qe5+ Kg8
43.Bg4  1-0

[Event "Open"]
[Site "Reykjavik ISL"]
[Date "2002.03.13"]
[Round "7"]
[White "Hillarp Persson,T"]
[Black "Thorfinnsson,Br"]
[Result "1/2-1/2"]
[WhiteElo "2456"]
[BlackElo "2360"]

1.d4 Nf6 2.c4 e6 3.Nc3 Bb4 4.f3 d5 5.a3 Bxc3+ 6.bxc3 c5 7.cxd5 Nxd5 8.dxc5 Qa5
9.e4 Ne7 10.Be3 O-O 11.Qb3 Nbc6 12.a4 Kh8 13.Nh3 f5 14.Bb5 e5 15.O-O h6 16.Nf2 f4
17.Bc1 Qc7 18.Ba3 Na5 19.Qd1 Rd8 20.Qd6 Rxd6 21.cxd6 Qxc3 22.dxe7 Be6 23.Rfc1 Qb3
24.Rd1 Rg8 25.e8=Q Rxe8 26.Bxe8 Nc4 27.Bg6 Nxa3 28.Rd3 Qb2 29.Rd8+ Bg8 30.Rad1 Qb3
31.h4 Nc2 32.R1d5 Qb1+ 33.Kh2 Qb6 34.R5d6 Qc7 35.R6d7 Qb6 36.Bf7 Qxf2 37.Rxg8+ Kh7
38.Bd5 Qxh4+ 39.Kg1 Qe1+ 40.Kh2 Qg3+ 41.Kg1 Qe1+ 42.Kh2 Qg3+ 43.Kg1 Qe1+  1/2-1/2

[Event "Spring Festival"]
[Site "Budapest HUN"]
[Date "2002.03.18"]
[Round "4"]
[White "Dinckel,J"]
[Black "Puschmann,L"]
[Result "1/2-1/2"]
[WhiteElo "2129"]
[BlackElo "2273"]

1.d4 Nf6 2.c4 e6 3.Nc3 Bb4 4.f3 d5 5.a3 Bxc3+ 6.bxc3 O-O 7.cxd5 exd5 8.e3 Re8
9.Bd3 b6 10.Ne2 c5 11.O-O Nc6 12.Ng3 Bd7 13.Bb1 h5 14.Qd3 g6 15.h4 Qc7 16.Ne2 Na5
17.e4 dxe4 18.fxe4 Nxe4 19.Bf4 Qc8 20.Be5 Bf5 21.Ng3 Nxg3 22.Qxg3 Bxb1 23.Raxb1 Nc4
24.Rf6 Qg4 25.Qf2 Nxe5 26.dxe5 Rxe5 27.Rxf7 Re2 28.Rf4 Rxf2 29.Rxg4 Rf6 30.Re4 Rd8
31.Rbe1 Rd3 32.Re8+ Kg7 33.R1e7+ Rf7 34.Rxf7+ Kxf7 35.Ra8 Rxc3 36.Rxa7+ Kf6
37.a4 Ra3 38.Ra6 Kf5 39.Rxb6 Rxa4 40.Rc6 c4 41.Kf2 Ke4 42.Rxg6 c3 43.Ke2 Ra2+
44.Kd1 Rd2+  1/2-1/2

[Event "Open"]
[Site "Dubai UAE"]
[Date "2002.04.18"]
[Round "4"]
[White "Volkov,S"]
[Black "Hakki,I"]
[Result "1-0"]
[WhiteElo "2567"]
[BlackElo "2431"]

1.d4 Nf6 2.c4 e6 3.Nc3 Bb4 4.f3 c5 5.d5 d6 6.Bd2 O-O 7.e4 Re8 8.Nge2 exd5
9.cxd5 a6 10.a4 Nbd7 11.Ng3 c4 12.Bxc4 Ne5 13.Qe2 Nxc4 14.Qxc4 Bc5 15.b4 b5
16.Qd3 Bxb4 17.axb5 Bc5 18.Be3 Qb6 19.Kf2 Nd7 20.Na4 Bxe3+ 21.Qxe3 Qxe3+
22.Kxe3 axb5 23.Nc3 Rxa1 24.Rxa1 Nb6 25.Kd4 Bd7 26.Rb1 Rb8 27.Nxb5 Nc8 28.Nc3 Rxb1
29.Nxb1 f6 30.Na3 Kf7 31.Nc4 g5 32.Kc3 Kg6 33.Kb4 h5 34.Ka5 h4 35.Ne2 Kf7
36.Nd4 Ke7 37.Nb6 Nxb6 38.Kxb6 g4 39.fxg4 Bxg4 40.Kc7  1-0

[Event "Classics GM"]
[Site "Gausdal NOR"]
[Date "2002.04.18"]
[Round "9"]
[White "Bluvshtein,M"]
[Black "Royset,P"]
[Result "1-0"]
[WhiteElo "2354"]
[BlackElo "2280"]

1.d4 Nf6 2.c4 e6 3.Nc3 Bb4 4.f3 Nh5 5.g3 f5 6.e4 O-O 7.Bg2 d6 8.f4 Nf6 9.e5 Ne4
10.Bd2 Bxc3 11.Bxc3 Nxc3 12.bxc3 dxe5 13.fxe5 Nc6 14.Ne2 Na5 15.Qd3 Qe8 16.O-O Qa4
17.c5 Rb8 18.d5 Qc4 19.Qe3 exd5 20.Rf4 Qa6 21.Bxd5+ Be6 22.Bxe6+ Qxe6 23.Nd4 Qd5
24.Nxf5 Nc6 25.Raf1 Qe6 26.Qf3 Rfe8 27.Qg4 Qg6 28.Qh3 Nxe5 29.Nd4 h6 30.Qg2 c6
31.Nf5 Rbd8 32.Nd6 Nd3 33.Rd4 Rf8 34.Rxf8+ Rxf8 35.Qc2 Ne5 36.Qxg6 Nxg6 37.Nxb7 Ne5
38.Re4 Rb8 39.Na5 Rb1+ 40.Kf2 Nd3+ 41.Ke3 Nxc5 42.Rc4 Nd7 43.Nxc6 Nb6 44.Rd4 Ra1
45.c4 Rxa2 46.c5 Na4 47.Rc4 Kf7 48.Nd4 Ke7 49.Ke4 Ra1 50.Rc2 Re1+ 51.Kd5 Rd1
52.Kc4 Kd7 53.Nb3 Re1 54.Ra2 Nb6+ 55.cxb6 axb6 56.Ra7+ Kc6 57.Rxg7 b5+ 58.Kb4 Re4+
59.Kc3 Re3+ 60.Kb4 Re4+ 61.Ka3 Kd5 62.Rh7 Ra4+ 63.Kb2 Ra6 64.Rd7+ Kc6 65.Rd4 Kc7
66.Kc3 Rf6 67.Kb4 Rf2 68.Rh4  1-0

[Event "TCh-ISR"]
[Site "ISR"]
[Date "2002.04.19"]
[Round "9"]
[White "Golod,V"]
[Black "Gerzhoy,L"]
[Result "1-0"]
[WhiteElo "2516"]
[BlackElo "2332"]

1.d4 Nf6 2.c4 e6 3.Nc3 Bb4 4.f3 d5 5.a3 Bxc3+ 6.bxc3 O-O 7.cxd5 exd5 8.e3 Bf5
9.Ne2 c5 10.dxc5 Nc6 11.Nd4 Bg6 12.Qb3 Qe7 13.Bd2 Rab8 14.Be2 Qxc5 15.O-O Rfe8
16.Ra2 Nd7 17.a4 Nb6 18.a5 Nc4 19.Bxc4 dxc4 20.Qa3 Qxa3 21.Rxa3 Bd3 22.Rfa1 f5
23.Nxc6 bxc6 24.a6 Rb2 25.R3a2 Reb8 26.e4 Rxa2 27.Rxa2 fxe4 28.Be3 exf3 29.gxf3 c5
30.Bxc5 Bf5 31.Bxa7 Re8 32.Bd4 Bd7 33.a7 Bc6 34.f4 Kf7 35.Kf2 Ke6 36.Re2+ Kf7
37.Rxe8 Kxe8 38.Bxg7 Kf7 39.Be5 Ke6 40.Ke3 Kd5 41.Bb8  1-0